Municipalités de la communauté métropolitaine de Montréal - Statistiques

Statistiques générales
  • Ce quiz a été pris 27 fois
    17 depuis la dernière actualisation
  • Le résultat moyen est 42 sur 83
Statistiques - réponses
Municipalités % Correct
Laval
100%
Longueuil
100%
Brossard
94%
Terrebonne
94%
Montréal
82%
Repentigny
82%
Beloeil
76%
Kirkland
76%
Saint-Lambert
76%
Westmount
76%
Baie-D'Urfé
71%
Beaconsfield
71%
Boucherville
71%
Candiac
71%
Châteauguay
71%
Mascouche
71%
McMasterville
71%
Montréal-Est
71%
Montréal-Ouest
71%
Mont-Royal
71%
Sainte-Julie
71%
Sainte-Thérèse
71%
Blainville
65%
Chambly
65%
Dorval
65%
Hampstead
65%
Hudson
65%
Mirabel
65%
Mont-Saint-Hilaire
65%
Pointe-Claire
65%
Charlemagne
59%
Côte-Saint-Luc
59%
Delson
59%
Dollard-Des Ormeaux
59%
L'Assomption
59%
Sainte-Anne-de-Bellevue
59%
Sainte-Catherine
59%
Bois-des-Fillion
53%
Deux-Montagnes
53%
Notre-Dame-de-l'île-Perrot
53%
Pincourt
53%
Saint-Basile-le-Grand
53%
Saint-Constant
53%
Senneville
53%
Vaudreuil-Dorion
53%
Beauharnois
47%
Boisbriand
47%
La Prairie
47%
Rosemère
47%
Saint-Bruno-de-Montarville
47%
Sainte-Marthe-sur-le-Lac
47%
Saint-Eustache
47%
Carignan
41%
Lorraine
41%
Mercier
41%
Oka
41%
Varennes
41%
Léry
35%
Les Cèdres
35%
Saint-Amable
35%
Saint-Mathieu
35%
Saint-Mathieu-de-Beloeil
35%
L'Île-Dorval
29%
L'Île-Perrot
29%
Otterburn Park
29%
Pointe-Calumet
29%
Saint-Philippe
29%
Verchères
29%
Calixa-Lavallée
24%
Contrecoeur
24%
Richelieu
24%
Sainte-Anne-des-Plaines
24%
Vaudreuil-sur-le-Lac
24%
L'île-Cadieux
18%
Pointe-des-Cascades
18%
Saint-Jean-Baptiste
18%
Saint-Lazare
18%
Saint-Sulpice
18%
Saint-Joseph-du-Lac
12%
Kanesatake
6%
Terasse-Vaudreuil
6%
Saint-Isodore
0%
Saint-Mathias-sur-Richelieu
0%
Aucun quiz correspondant
Distribution des résultats
% des personnes avec chaque résultat
Percentile par nombre de réponses
Votre historique - résultats
Vous n’avez pas pris ce quiz depuis la dernière actualisation